LEADER 01142nam a2200253 u 4500 001 000000078999 003 CaOOAMICUS 005 20070226123506.0 008 040520s1960 fr a u000 u fre u 035 $a10996137 040 $aMSA$bita 100 1 $aCarolus de Foucauld,$csanto,$d1858-1916.$0(OLS)http://pul/name/40585 245 10$aNouveaux écrits spirituels :$b(méditations sur les Évangiles) /$cCharles de Foucauld. 260 $aParis :$bPlon,$c1960. 300 $a236,(6) p. :$bill. ;$c19 cm 500 $aPrecede una lettera di Paul Claudel dell'Accademia Francese a S.S. Papa Pio XII. 850 $aPUL 852 $aPUL$W1$xDP1 Fondo Pastorale$y55$mP2 E 25$j101195$nBK-PRI$b $qFondi$B101195$CPULBib$Z2$F101195 $HPUL553 $81 900 $aDe Foucauld, Charles Eugène,$cb.,$d1858-1916$940585 900 $aCarolus de Foucauld,$cb.,$d1858-1916?$940585 900 $aCharles de Foucauld,$cb.,$d1858-1916$940585 941 1 $a1 996 $6245$aNouveaux écrits spirituels :$b(méditations sur les Évangiles)$9(OLS)http://pul/title/103402 996 $6260$aParis :$bPlon$9(OLS)http://pul/publisher/48555